000 00564nam a2200241 a 4500
001 nice12345678
003 IN_TiNIC
005 20260116011308.0
008 050524s1962 bosa grp 000 0 eng
020 _a
_c24
082 0 0 _a190
_bDEW
100 _aDewey, John
245 _aReconstruction in Philosophy
260 _aBoston
_bBeacon Press
_c1962
300 _a223p
500 _aincludes index and biblioraphy
505 2 _aIndex
650 _aPhilosophy-Western-Dewey
700 1 _aDewey, John
902 _bSRS
942 _cBK
999 _c267
_d267